Word Ladder: Missing Movie Titles II Quiz Stats

 Plays Quiz Updated Nov 9, 2016

Challenge
Share
Tweet
Embed
Score 0/30 Timer 03:00
1 Play Today
Movie Title Missing 4-Letter Word % Correct
The Jungle ___BOOK
99.4%
Robin ___HOOD
99%
The ___, the Bad and the UglyGOOD
98.8%
The Greatest Story Ever ___TOLD
97.4%
Jurassic ___PARK
96.9%
Yogi ___BEAR
96.7%
Fool's ___GOLD
96.5%
One Flew Over the Cuckoo's ___NEST
95.6%
___ in TranslationLOST
95.3%
Cloudy with a Chance of ___ballsMEAT
95.3%
The ___ KnightDARK
94.2%
John Tucker ___ DieMUST
93.7%
Indiana Jones and the ___ CrusadeLAST
93.1%
___ GirlsMEAN
93%
From ___ Till DawnDUSK
93%
Movie Title Missing 4-Letter Word % Correct
Muppets ___ WantedMOST
93%
The Godfather: ___ IIPART
92.2%
___HOOK
92.2%
X-Men: Days of Future ___PAST
91.6%
___ in ShowBEST
90.6%
Mr. ___'s HolidayBEAN
90.4%
Hollywood or ___BUST
89.5%
___ TripROAD
85.7%
All ___ in Black StockingsNEAT
84.5%
___ WindowREAR
84.5%
Mr. ___'s Wild RideTOAD
82.1%
Howard the ___DUCK
81.8%
The Boon___ SaintsDOCK
75.2%
___ROAR
73.9%
The Secret Lives of ___sDORK
69.6%

Today's Daily Dose

You're not logged in!

Compare scores with friends on all Sporcle quizzes.
Join for Free
OR
Log In

You Might Also Like...

Show Comments

Extras

Top Quizzes Today


Score Distribution

Your Account Isn't Verified!

In order to create a playlist on Sporcle, you need to verify the email address you used during registration. Go to your Sporcle Settings to finish the process.

Report this User

Report this user for behavior that violates our Community Guidelines.

Details: